Cartografía de relaciones disciplinarias y el uso del documento como fuente en el proceso de investigación histórica: reflexiones no sustantivas desde la teoría de la historia /
Kaydedildi:
| Yazar: | |
|---|---|
| Materyal Türü: | Metin |
| Etiketler: |
Etiketle
Etiket eklenmemiş, İlk siz ekleyin!
|
MARC
| LEADER | 00000 a a2200000 04500 | ||
|---|---|---|---|
| 001 | 46665 | ||
| 003 | |||
| 040 | |||
| 100 | |a Bustamante Arango, John Jaime | ||
| 245 | |a Cartografía de relaciones disciplinarias y el uso del documento como fuente en el proceso de investigación histórica: |b reflexiones no sustantivas desde la teoría de la historia / |c John Jaime Bustamante Arango | ||
| 773 | |g número29 (2012), páginas 61-73 | ||
| 999 | |c 19856 |d 19856 | ||
